000 00521nam a2200205Ia 4500
003 OSt
005 20221002054845.0
006 a|||||r|||| 00| 0
007 ta
008 220930b |||||||| |||| 00| 0 eng d
024 _a70932
037 _cReference Collections
040 _aCRL
_cCRL
_beng
041 _2eng
_aeng
082 _aO111,2J64x, K8.5(RR)
245 0 _aWorks of shakespear
260 _c1968
942 _hO111,2J64x, K8.5(RR)
_cref
_2CC
999 _c926054
_d926054